000 00501nam a2200181Ia 4500
005 20250423101428.0
008 250422s9999 xx 000 0 und d
020 _a9780761943266
050 _aPN 1994 .J36/
100 _aEdited by James Donald and Michael Renov.
245 4 _aThe SAGE handbook of film studies
260 _aLondon
260 _bSAGE Publication Ltd.
260 _c2021
300 _a522 p
650 _aMotion pictures. Motion pictures--Study and teaching.
942 _cBK
999 _c36275
_d36275